000 01540nam a2200361 a 4500
001 0000286
003 DO-SdBNP
005 20180312101618.0
007 0000286
008 091125s2008 dr a 000 0 spa d
020 _a9789945112689
040 _aBPMSU
_bspa
_cBPMSU
082 0 4 _a372.63
_bG216o 4to. 2008
100 1 _aGarcía Cartagena, Manuel
245 1 0 _aOrtografía 4 :
_b[educación básica] /
_cManuel García Cartagena, Martha Campusano ; dirección editorial Obdulia García de Escobar ; ilustración Ruddy Núñez.
260 _aSanto Domingo :
_bSantillana,
_c2008.
300 _a63 p. :
_bil. ;
_c28 cm.
490 1 _aCoral
505 0 _tPalabras agudas, llanas y esdrújulas --
_tAcentuación de palabras agudas --
_tAcentuación de palabras llanas --
_tAcentuación de palabras esdrújulas --
_tPalabras terminadas en -illo, -illa --
_tLa y en los verbos --
_tAdjetivos con v --
_tLa h en los tiempos compuestos --
_tPalabras con h.
650 4 _aESPAÑOL
_xORTOGRAFÍA
_xENSEÑANZA BÁSICA
650 4 _aESPAÑOL
_xORTOGRAFÍA
_xEDUCACIÓN PRIMARIA
650 4 _aESPAÑOL
_xORTOGRFÍA
_xLIBROS DE TEXTOS
650 4 _aESPAÑOL
_xORTOGRAFÍA
_xESTUDIOS Y EJERCICIOS
650 4 _aEDUCACIÓN PRIMARIA
_zREPÚBLICA DOMINICANA
700 1 _aGarcía Escobar, Obdulia de,
_eed.
700 1 _aCampusano, Martha
700 1 _aNúñez, Ruddy
_eil.
830 0 _aCoral
910 _aValidado. Control de calidad MFF
942 _2ddc
_cBK
945 _aRemanejado para la Bib. BNPHU, 2018/ YL
956 _aYLOCKWARD
_b10
999 _c9780
_d9780